00995nam a22002654c 4500003000900000008004100009020001800050040002500068041001800093080001100111100002100122245002500143264003100168300004100199336002700240337003300267338002800300490004200328500003500370520023500405521001300640650003400653650001100687700003100698AR-BaSMT240627t2022 enka|||ar|||| 000 1 ing d a9781474964449 aBSGBbespañolerda0 ainghInglés a82-34 1 aMackinnon, Mairi14aThe Mourse's Wedding aLondres : bUsborne,c2022 a24 páginas ; bilustraciones color 2rdacontentatextobtxt 2rdamediaasin mediaciónbn 2rdacarrieravolumenbnc aUsborne English Readers Starter Level aWith activities and free audio aFather Mouse and Mother MOuse always want the best for their daughter, including the best possible husband... but Father Mouse has some rather grand and impractical ideas. Will Molly Mouse end up with the husband she really wants? aPrimaria 7aLITERATURA INFANTILvInglés 7aCUENTO1 aRomán, GemmaeIlustrador